| 000 -LEADER |
| fixed length control field |
nam a22 a 4500 |
| 003 - CONTROL NUMBER IDENTIFIER |
| control field |
AKMAL |
| 005 - DATE AND TIME OF LATEST TRANSACTION |
| control field |
20170508102901.0 |
| 008 - FIXED-LENGTH DATA ELEMENTS--GENERAL INFORMATION |
| fixed length control field |
170508s1995 my 00 may d |
| 020 ## - INTERNATIONAL STANDARD BOOK NUMBER |
| International Standard Book Number |
983911865X (kkt.) : |
| Terms of availability |
RM 8.90 |
| 039 #9 - LEVEL OF BIBLIOGRAPHIC CONTROL AND CODING DETAIL [OBSOLETE] |
| Level of rules in bibliographic description |
200902161026 |
| Level of effort used to assign nonsubject heading access points |
kik3856 |
| Level of effort used to assign subject headings |
200902101456 |
| Level of effort used to assign classification |
kik3856 |
| Level of effort used to assign subject headings |
200902101453 |
| Level of effort used to assign classification |
kik3856 |
| Level of effort used to assign subject headings |
200504060952 |
| Level of effort used to assign classification |
marzihan |
| 040 ## - CATALOGING SOURCE |
| Original cataloging agency |
AKMAL |
| Transcribing agency |
AKMAL |
| 049 ## - LOCAL HOLDINGS (OCLC) |
| Holding library |
klpmal |
| 082 04 - DEWEY DECIMAL CLASSIFICATION NUMBER |
| Classification number |
297.23 ALI |
| Edition number |
21 |
| 090 00 - LOCALLY ASSIGNED LC-TYPE CALL NUMBER (OCLC); LOCAL CALL NUMBER (RLIN) |
| Classification number (OCLC) (R) ; Classification number, CALL (RLIN) (NR) |
297.23 |
| Local cutter number (OCLC) ; Book number/undivided call number, CALL (RLIN) |
ALI |
| 090 20 - LOCALLY ASSIGNED LC-TYPE CALL NUMBER (OCLC); LOCAL CALL NUMBER (RLIN) |
| Classification number (OCLC) (R) ; Classification number, CALL (RLIN) (NR) |
297.23 |
| Local cutter number (OCLC) ; Book number/undivided call number, CALL (RLIN) |
ALI |
| 245 10 - TITLE STATEMENT |
| Title |
Ramalan-ramalan Rasulullah s.a.w. tentang akhir zaman / |
| Statement of responsibility, etc. |
oleh Ali Hamdi Muda'im |
| 260 ## - PUBLICATION, DISTRIBUTION, ETC. |
| Place of publication, distribution, etc. |
Johor Bahru : |
| Name of publisher, distributor, etc. |
Perniagaan Jahabersa , |
| Date of publication, distribution, etc. |
1995 |
| 300 ## - PHYSICAL DESCRIPTION |
| Extent |
ii,155ms. ; |
| Dimensions |
21cm. |
| 500 ## - GENERAL NOTE |
| General note |
Mengandungi ayat-ayat dari al-Quran |
| 650 ## - SUBJECT ADDED ENTRY--TOPICAL TERM |
| Topical term or geographic name entry element |
Islam |
| General subdivision |
Doctrines |
| 9 (RLIN) |
894 |
| 650 ## - SUBJECT ADDED ENTRY--TOPICAL TERM |
| Topical term or geographic name entry element |
Islam |
| General subdivision |
Customs and practices |
| 9 (RLIN) |
1330 |
| 700 0# - ADDED ENTRY--PERSONAL NAME |
| Personal name |
Ali Hamdi Muda'im |
| 9 (RLIN) |
2090 |
| 856 4# - ELECTRONIC LOCATION AND ACCESS |
| Uniform Resource Identifier |
<a href="http://www.jahabersa.com.my/tauhid/ramalan-ramalan-rasulullah-saw-tentang-akhir-zaman">http://www.jahabersa.com.my/tauhid/ramalan-ramalan-rasulullah-saw-tentang-akhir-zaman</a> |
| Link text |
Kulit Depan & Ringkasan |
| 942 ## - ADDED ENTRY ELEMENTS (KOHA) |
| Source of classification or shelving scheme |
|
| Koha item type |
Book |